01266cam a22002294a 4500999001700000001000900017005001700026008004100043020001800084041000800102080002300110100002800133245014800161264003200309300003000341653020700371653015300578700005000731700009500781942001200876952014800888 c58116d581161709288220210618130452.0111222s2014 caua b 001 0 eng  a9781626365698 aeng a376.2+616.896 C-691 aColvin, Geoffd 91208710aManaging the cycle of meltdowns for students with autism spectrum disorder /cGeoff Colvin, Martin R. Sheehan : foreword by Richard L. Simpson. aNew York:bSkyhorse,c2014. a 227 p. :bill. ;c26 cm. aაუტიზმის სპექტრის აშლილობის მქონე სტუდენტებისთვის კრიზისის ციკლის მართვა aУправление циклом истерики у студентов с расстройством аутистического спектра1 aSheehan, Martin R.eავტორი9120881 aSimpson, Richard L. 912089eწინასიტყვაობის ავტორი 2udccBK 00102udc4063762616896_C6970990396aCPLbCPLcGENd2021-06-18g88.00o376.2+616.896 C-69p61410r2021-06-18t61410w2021-06-18yBKz88 ლ.